<?xml version="1.0" encoding="UTF-8"?>
<collection xmlns="http://www.loc.gov/MARC21/slim">
 <record>
  <leader>02658cam a2200517   4500</leader>
  <controlfield tag="001">1169037941</controlfield>
  <controlfield tag="003">DE-627</controlfield>
  <controlfield tag="005">20241215051004.0</controlfield>
  <controlfield tag="007">tu</controlfield>
  <controlfield tag="008">020528s1999    xx ||||| c    00| ||ger c</controlfield>
  <datafield tag="035" ind1=" " ind2=" ">
   <subfield code="a">(DE-627)1169037941</subfield>
  </datafield>
  <datafield tag="035" ind1=" " ind2=" ">
   <subfield code="a">(DE-576)099037947</subfield>
  </datafield>
  <datafield tag="035" ind1=" " ind2=" ">
   <subfield code="a">(DE-599)BSZ099037947</subfield>
  </datafield>
  <datafield tag="035" ind1=" " ind2=" ">
   <subfield code="a">(OCoLC)313956202</subfield>
  </datafield>
  <datafield tag="035" ind1=" " ind2=" ">
   <subfield code="a">(OCoLC)313956202</subfield>
  </datafield>
  <datafield tag="040" ind1=" " ind2=" ">
   <subfield code="a">DE-627</subfield>
   <subfield code="b">ger</subfield>
   <subfield code="c">DE-627</subfield>
   <subfield code="e">rakwb</subfield>
  </datafield>
  <datafield tag="041" ind1=" " ind2=" ">
   <subfield code="a">ger</subfield>
  </datafield>
  <datafield tag="084" ind1=" " ind2=" ">
   <subfield code="a">9,10</subfield>
   <subfield code="2">ssgn</subfield>
  </datafield>
  <datafield tag="245" ind1="1" ind2="0">
   <subfield code="a">Wer hat das Thierreich so in seines Pinsels Macht ?</subfield>
   <subfield code="b">die Tierdarstellungen von Johann Elias Ridinger; Sonderausstellung des Museums Jagdschloß Kranichstein vom 29.5. bis zum 2.8.1999</subfield>
   <subfield code="c">bearbeitet von Stefan Morét mit Beiträgen von Arnulf Rosenstock</subfield>
  </datafield>
  <datafield tag="246" ind1="3" ind2="0">
   <subfield code="a">Tierreich</subfield>
  </datafield>
  <datafield tag="264" ind1=" " ind2="1">
   <subfield code="a">Darmstadt</subfield>
   <subfield code="b">Stiftung Hessischer Jägerhof</subfield>
   <subfield code="c">1999</subfield>
  </datafield>
  <datafield tag="300" ind1=" " ind2=" ">
   <subfield code="a">139 S.</subfield>
   <subfield code="b">zahlr. Ill.</subfield>
  </datafield>
  <datafield tag="336" ind1=" " ind2=" ">
   <subfield code="a">Text</subfield>
   <subfield code="b">txt</subfield>
   <subfield code="2">rdacontent</subfield>
  </datafield>
  <datafield tag="336" ind1=" " ind2=" ">
   <subfield code="a">unbewegtes Bild</subfield>
   <subfield code="b">sti</subfield>
   <subfield code="2">rdacontent</subfield>
  </datafield>
  <datafield tag="337" ind1=" " ind2=" ">
   <subfield code="a">ohne Hilfsmittel zu benutzen</subfield>
   <subfield code="b">n</subfield>
   <subfield code="2">rdamedia</subfield>
  </datafield>
  <datafield tag="338" ind1=" " ind2=" ">
   <subfield code="a">Band</subfield>
   <subfield code="b">nc</subfield>
   <subfield code="2">rdacarrier</subfield>
  </datafield>
  <datafield tag="490" ind1="1" ind2=" ">
   <subfield code="a">Schriftenreihe</subfield>
   <subfield code="v">2</subfield>
  </datafield>
  <datafield tag="500" ind1=" " ind2=" ">
   <subfield code="a">Ausstellungskatalog</subfield>
  </datafield>
  <datafield tag="583" ind1="1" ind2=" ">
   <subfield code="a">Archivierung/Langzeitarchivierung gewährleistet</subfield>
   <subfield code="f">SSG</subfield>
   <subfield code="x">XA-DE-BW</subfield>
   <subfield code="2">pdager</subfield>
   <subfield code="5">DE-16</subfield>
  </datafield>
  <datafield tag="655" ind1=" " ind2="7">
   <subfield code="a">Ausstellungskatalog</subfield>
   <subfield code="y">1999</subfield>
   <subfield code="z">Kranichstein</subfield>
   <subfield code="0">(DE-588)4135467-9</subfield>
   <subfield code="0">(DE-627)10566491X</subfield>
   <subfield code="0">(DE-576)209660988</subfield>
   <subfield code="2">gnd-content</subfield>
  </datafield>
  <datafield tag="689" ind1="0" ind2="0">
   <subfield code="d">p</subfield>
   <subfield code="0">(DE-588)118600621</subfield>
   <subfield code="0">(DE-627)133827186</subfield>
   <subfield code="0">(DE-576)165978538</subfield>
   <subfield code="a">Ridinger, Johann Elias</subfield>
   <subfield code="d">1698-1767</subfield>
   <subfield code="2">gnd</subfield>
  </datafield>
  <datafield tag="689" ind1="0" ind2="1">
   <subfield code="d">s</subfield>
   <subfield code="0">(DE-588)4117216-4</subfield>
   <subfield code="0">(DE-627)105800929</subfield>
   <subfield code="0">(DE-576)20950806X</subfield>
   <subfield code="a">Tierdarstellung</subfield>
   <subfield code="2">gnd</subfield>
  </datafield>
  <datafield tag="689" ind1="0" ind2=" ">
   <subfield code="5">(DE-627)</subfield>
  </datafield>
  <datafield tag="700" ind1="1" ind2=" ">
   <subfield code="a">Ridinger, Johann Elias</subfield>
   <subfield code="d">1698-1767</subfield>
   <subfield code="e">Ill.</subfield>
   <subfield code="0">(DE-588)118600621</subfield>
   <subfield code="0">(DE-627)133827186</subfield>
   <subfield code="0">(DE-576)165978538</subfield>
   <subfield code="4">ill</subfield>
  </datafield>
  <datafield tag="700" ind1="1" ind2=" ">
   <subfield code="a">Morét, Stefan</subfield>
   <subfield code="d">1962-</subfield>
   <subfield code="e">Bearb.</subfield>
   <subfield code="0">(DE-588)124694578</subfield>
   <subfield code="0">(DE-627)364368101</subfield>
   <subfield code="0">(DE-576)185162258</subfield>
   <subfield code="4">adp</subfield>
  </datafield>
  <datafield tag="700" ind1="1" ind2=" ">
   <subfield code="8">1\p</subfield>
   <subfield code="a">Rosenstock, Arnulf</subfield>
   <subfield code="d">1943-</subfield>
   <subfield code="e">Mitarb.</subfield>
   <subfield code="0">(DE-588)1274988225</subfield>
   <subfield code="0">(DE-627)1826612076</subfield>
   <subfield code="4">oth</subfield>
  </datafield>
  <datafield tag="710" ind1="2" ind2=" ">
   <subfield code="a">Museum Jagdschloß Kranichstein</subfield>
   <subfield code="0">(DE-588)5311560-0</subfield>
   <subfield code="0">(DE-627)253763541</subfield>
   <subfield code="0">(DE-576)197434207</subfield>
   <subfield code="4">oth</subfield>
  </datafield>
  <datafield tag="787" ind1="0" ind2="8">
   <subfield code="i">Rezension</subfield>
   <subfield code="a">Venhorst, Erik Ernst</subfield>
   <subfield code="t">[Rezension von: &quot;Wer hat das Thierreich so in seines Pinsels Macht?...&quot;]</subfield>
   <subfield code="d">2003</subfield>
   <subfield code="w">(DE-627)1540533549</subfield>
   <subfield code="w">(DE-576)470533544</subfield>
  </datafield>
  <datafield tag="830" ind1=" " ind2="0">
   <subfield code="a">Wissenschaftliche Arbeiten für die Praxis</subfield>
   <subfield code="v">2</subfield>
   <subfield code="9">2</subfield>
   <subfield code="w">(DE-627)727116444</subfield>
   <subfield code="w">(DE-576)504251287</subfield>
   <subfield code="w">(DE-600)2685793-5</subfield>
   <subfield code="7">ns</subfield>
  </datafield>
  <datafield tag="856" ind1="4" ind2="2">
   <subfield code="u">https://swbplus.bsz-bw.de/bsz099037947inh.htm</subfield>
   <subfield code="m">B:DE-576;DE-16</subfield>
   <subfield code="q">application/pdf</subfield>
   <subfield code="v">20091221133444</subfield>
   <subfield code="x">Verlag</subfield>
   <subfield code="3">Inhaltsverzeichnis</subfield>
  </datafield>
  <datafield tag="883" ind1=" " ind2=" ">
   <subfield code="8">1</subfield>
   <subfield code="a">cgwrk</subfield>
   <subfield code="d">20241001</subfield>
   <subfield code="q">DE-101</subfield>
   <subfield code="u">https://d-nb.info/provenance/plan#cgwrk</subfield>
  </datafield>
  <datafield tag="951" ind1=" " ind2=" ">
   <subfield code="a">BO</subfield>
  </datafield>
  <datafield tag="990" ind1=" " ind2=" ">
   <subfield code="a">Ridinger, Johann Elias</subfield>
  </datafield>
  <datafield tag="990" ind1=" " ind2=" ">
   <subfield code="a">Tierdarstellung</subfield>
  </datafield>
  <datafield tag="991" ind1=" " ind2=" ">
   <subfield code="a">Rezensiertes Werk</subfield>
  </datafield>
  <datafield tag="999" ind1=" " ind2=" ">
   <subfield code="a">KXP-PPN1169037941</subfield>
   <subfield code="e">4129526847</subfield>
  </datafield>
 </record>
</collection>
